| 000 | 00327nam a2200121Ia 4500 | ||
|---|---|---|---|
| 005 | 20251222153550.0 | ||
| 008 | 251222s9999||||xx |||||||||||||| ||spa|| | ||
| 082 | _a340.028.5/M61 | ||
| 245 | 0 | _aEl Derecho Fundamental a la Protección de Datos Personales | |
| 250 | _a1ra. ed. | ||
| 264 | _bMinisterio de Justicia | ||
| 942 | _cLIB | ||
| 999 |
_c30813 _d30813 |
||